00692 2200217 4500001002100000005001700021008004100038035002400079082001100103090002100114100004900135245012100184250001100305260006400316300002000380650002300400850001500423980001500438985000600453999001500459YOGYA-0209000004184320090227025819.0 ind  0010-020900000041843 a646.78 a646.78bBad PlT aBADAN KOORDINASI KELUARGA BERENCANA NASIONAL aPedoman pelaksanaan pembangunan keluarga modern dalam suasana kota di desa melalui kepedulian peran serta masyarakat aCet. 1 aJakartabBadan Koordinasi Keluarga Berencana Nasionalc1994 av,40 hlmc21 cm aKehidupan keluarga aYOPDYOG(B) a26-06-2007 a1 a07A0022572